| 000 | 00672cam a2200205 a 4500 | ||
|---|---|---|---|
| 020 | _a0521328438 | ||
| 040 | _cDLC | ||
| 082 | 0 | 0 | _a592 CAM 1988 A058 Or. |
| 245 | 0 | 0 | _aNeurohormones in invertebrates / |
| 260 |
_aCambridge ; _aNew York : _bCambridge University Press, _c1988. |
||
| 300 |
_aix, 318 p. : _bill. ; _c24 cm. |
||
| 490 | 1 | _aSeminar series / Society for Experimental Biology ; | |
| 650 | 0 | _aInvertebrates | |
| 650 | 0 | _aNeurohormones. | |
| 700 | 1 | _aThorndyke, M. C. | |
| 700 | 1 | _aGoldsworthy, Graham J. | |
| 856 | 4 | 2 | _uhttp://www.loc.gov/catdir/description/cam023/87015100.html |
| 856 | 4 | 1 | _uhttp://www.loc.gov/catdir/toc/cam029/87015100.html |
| 942 | _cEK | ||
| 999 |
_c14418 _d14418 |
||